<?xml version="1.0" encoding="UTF-8"?>
<record
    xmlns:xsi="http://www.w3.org/2001/XMLSchema-instance"
    xsi:schemaLocation="http://www.loc.gov/MARC21/slim http://www.loc.gov/standards/marcxml/schema/MARC21slim.xsd"
    xmlns="http://www.loc.gov/MARC21/slim">

  <leader>01297nam a22002417a 4500</leader>
  <datafield tag="999" ind1=" " ind2=" ">
    <subfield code="c">59347</subfield>
    <subfield code="d">59347</subfield>
  </datafield>
  <controlfield tag="003">Ge_BSU</controlfield>
  <controlfield tag="005">20230126115014.0</controlfield>
  <controlfield tag="008">230126s2001    ge ||||| |||| 00| 0 geo d</controlfield>
  <datafield tag="041" ind1=" " ind2=" ">
    <subfield code="a">geo</subfield>
  </datafield>
  <datafield tag="080" ind1=" " ind2=" ">
    <subfield code="a">339.543:34(479.22)(094.4) &#x10DA;-85</subfield>
  </datafield>
  <datafield tag="100" ind1=" " ind2=" ">
    <subfield code="a">&#x10DA;&#x10DD;&#x10E0;&#x10D7;&#x10E5;&#x10D8;&#x10E4;&#x10D0;&#x10DC;&#x10D8;&#x10EB;&#x10D4;, &#x10D5;&#x10D8;&#x10E5;&#x10E2;&#x10DD;&#x10E0;</subfield>
    <subfield code="9">16791</subfield>
  </datafield>
  <datafield tag="245" ind1=" " ind2=" ">
    <subfield code="a">&#x10E1;&#x10D0;&#x10E5;&#x10D0;&#x10E0;&#x10D7;&#x10D5;&#x10D4;&#x10DA;&#x10DD;&#x10E1; &#x10E1;&#x10D0;&#x10D1;&#x10D0;&#x10DF;&#x10DD; &#x10D9;&#x10DD;&#x10D3;&#x10D4;&#x10E5;&#x10E1;&#x10D8;&#x10E1; &#x10D9;&#x10DD;&#x10DB;&#x10D4;&#x10DC;&#x10E2;&#x10D0;&#x10E0;&#x10D4;&#x10D1;&#x10D8; /</subfield>
    <subfield code="c">&#x10D5;&#x10D8;&#x10E5;&#x10E2;&#x10DD;&#x10E0; &#x10DA;&#x10DD;&#x10E0;&#x10D7;&#x10E5;&#x10D8;&#x10E4;&#x10D0;&#x10DC;&#x10D8;&#x10EB;&#x10D4; ; &#x10DB;&#x10D7;. &#x10E0;&#x10D4;&#x10D3;. &#x10D0;&#x10D9;&#x10D0;&#x10D9;&#x10D8; &#x10DC;&#x10D8;&#x10E8;&#x10DC;&#x10D8;&#x10D0;&#x10DC;&#x10D8;&#x10EB;&#x10D4;; &#x10E0;&#x10D4;&#x10D3;. &#x10D5;&#x10D0;&#x10DA;&#x10D4;&#x10E0;&#x10D8; &#x10E9;&#x10D8;&#x10EE;&#x10DA;&#x10D0;&#x10EB;&#x10D4;; &#x10E1;&#x10D0;&#x10E5;. &#x10E1;&#x10D0;&#x10D1;&#x10D0;&#x10DF;&#x10DD; &#x10D0;&#x10D9;&#x10D0;&#x10D3;&#x10D4;&#x10DB;&#x10D8;&#x10D0;.</subfield>
  </datafield>
  <datafield tag="250" ind1=" " ind2=" ">
    <subfield code="a">&#x10DB;&#x10D4;-2 &#x10D2;&#x10D0;&#x10DB;&#x10DD;&#x10EA;.</subfield>
  </datafield>
  <datafield tag="264" ind1=" " ind2=" ">
    <subfield code="a">&#x10D7;&#x10D1;&#x10D8;&#x10DA;&#x10D8;&#x10E1;&#x10D8;,</subfield>
    <subfield code="c">2001.</subfield>
  </datafield>
  <datafield tag="300" ind1=" " ind2=" ">
    <subfield code="a">472&#x10D2;&#x10D5;. ; </subfield>
    <subfield code="b">20&#x10E1;&#x10DB;.</subfield>
  </datafield>
  <datafield tag="504" ind1=" " ind2=" ">
    <subfield code="a">&#x10D1;&#x10D8;&#x10D1;&#x10DA;&#x10D8;&#x10DD;&#x10D2;&#x10E0;.: &#x10D2;&#x10D5;. 470-471.</subfield>
  </datafield>
  <datafield tag="653" ind1=" " ind2=" ">
    <subfield code="a">&#x10E1;&#x10D0;&#x10E5;&#x10D0;&#x10E0;&#x10D7;&#x10D5;&#x10D4;&#x10DA;&#x10DD;&#x10E1; &#x10E1;&#x10D0;&#x10D1;&#x10D0;&#x10DF;&#x10DD; &#x10D9;&#x10DD;&#x10D3;&#x10D4;&#x10E5;&#x10E1;&#x10D8;.</subfield>
  </datafield>
  <datafield tag="700" ind1=" " ind2=" ">
    <subfield code="a">&#x10DC;&#x10D8;&#x10E8;&#x10DC;&#x10D8;&#x10D0;&#x10DC;&#x10D8;&#x10EB;&#x10D4;, &#x10D0;&#x10D9;&#x10D0;&#x10D9;&#x10D8;</subfield>
    <subfield code="e">&#x10DB;&#x10D7;. &#x10E0;&#x10D4;&#x10D3;&#x10D0;&#x10E5;&#x10E2;&#x10DD;&#x10E0;&#x10D8;</subfield>
    <subfield code="9">16798</subfield>
  </datafield>
  <datafield tag="700" ind1=" " ind2=" ">
    <subfield code="a">&#x10E9;&#x10D8;&#x10EE;&#x10DA;&#x10D0;&#x10EB;&#x10D4;, &#x10D5;&#x10D0;&#x10DA;&#x10D4;&#x10E0;&#x10D8;</subfield>
    <subfield code="e">&#x10E0;&#x10D4;&#x10D3;&#x10D0;&#x10E5;&#x10E2;&#x10DD;&#x10E0;&#x10D8;</subfield>
    <subfield code="9">16801</subfield>
  </datafield>
  <datafield tag="710" ind1=" " ind2=" ">
    <subfield code="a">&#x10E1;&#x10D0;&#x10E5;. &#x10E1;&#x10D0;&#x10D1;&#x10D0;&#x10DF;&#x10DD; &#x10D0;&#x10D9;&#x10D0;&#x10D3;&#x10D4;&#x10DB;&#x10D8;&#x10D0;.</subfield>
    <subfield code="9">16799</subfield>
  </datafield>
  <datafield tag="773" ind1=" " ind2=" ">
    <subfield code="t">&#x10DC;&#x10D0;&#x10E9;&#x10E3;&#x10E5;&#x10D0;&#x10E0;&#x10D8;</subfield>
  </datafield>
  <datafield tag="942" ind1=" " ind2=" ">
    <subfield code="2">udc</subfield>
    <subfield code="c">BK</subfield>
  </datafield>
  <datafield tag="952" ind1=" " ind2=" ">
    <subfield code="0">0</subfield>
    <subfield code="1">0</subfield>
    <subfield code="2">udc</subfield>
    <subfield code="4">0</subfield>
    <subfield code="6">33954334479220944_&#x10DA;85</subfield>
    <subfield code="7">0</subfield>
    <subfield code="9">93524</subfield>
    <subfield code="a">CPL</subfield>
    <subfield code="b">CPL</subfield>
    <subfield code="c">GEN</subfield>
    <subfield code="d">2023-01-26</subfield>
    <subfield code="g">7.00</subfield>
    <subfield code="o">339.543:34(479.22)(094.4) &#x10DA;-85</subfield>
    <subfield code="p">63594</subfield>
    <subfield code="r">2023-01-26</subfield>
    <subfield code="t">63594</subfield>
    <subfield code="w">2023-01-26</subfield>
    <subfield code="y">BK</subfield>
    <subfield code="z">7 &#x10DA;.</subfield>
  </datafield>
</record>
